Stranded / (Record no. 71)

MARC details
000 -LEADER
fixed length control field 01006cam a2200289 a 4500
005 - DATE AND TIME OF LATEST TRANSACTION
control field 20260322212005.0
008 - FIXED-LENGTH DATA ELEMENTS--GENERAL INFORMATION
fixed length control field data
010 ## - LIBRARY OF CONGRESS CONTROL NUMBER
LC control number 2012029769
020 ## - INTERNATIONAL STANDARD BOOK NUMBER
International Standard Book Number 9780142424247 (pbk.)
040 ## - CATALOGING SOURCE
Original cataloging agency DLC
Transcribing agency DLC
042 ## - AUTHENTICATION CODE
Authentication code pcc
-- pcc
050 00 - LIBRARY OF CONGRESS CALL NUMBER
Classification number PZ7.P94168
Item number Str 2013
082 00 - DEWEY DECIMAL CLASSIFICATION NUMBER
Classification number [Fic]
Edition information 23
099 ## - LOCAL FREE-TEXT CALL NUMBER (OCLC)
Classification number PROBSJ
001 - CONTROL NUMBER
control field data
100 1# - MAIN ENTRY--PERSONAL NAME
Personal name Probst, Jeff,
Dates associated with a name 1962-
245 10 - TITLE STATEMENT
Title Stranded /
Statement of responsibility, etc. Jeff Probst & Christopher Tebbetts.
260 ## - PUBLICATION, DISTRIBUTION, ETC.
Place of publication, distribution, etc. New York, N.Y. :
Name of publisher, distributor, etc. Puffin Books, an imprint of Penguin Group (USA), Inc.,
Date of publication, distribution, etc. c2013.
300 ## - PHYSICAL DESCRIPTION
Extent 176 p. ;
Dimensions 20 cm.
490 0# - SERIES STATEMENT
Series statement Stranded ;
Volume/sequential designation bk. 1
520 ## - SUMMARY, ETC.
Summary, etc. Jane, Buzz, Carter, and Vanessa, aged nine to thirteen, are on a sailing trip in the South Pacific intended to help them bond in their newly-blended family when a massive storm strands them on a deserted island.
650 #1 - SUBJECT ADDED ENTRY--TOPICAL TERM
Topical term or geographic name entry element Survival
Form subdivision Fiction.
650 #1 - SUBJECT ADDED ENTRY--TOPICAL TERM
Topical term or geographic name entry element Stepfamilies
Form subdivision Fiction.
650 #1 - SUBJECT ADDED ENTRY--TOPICAL TERM
Topical term or geographic name entry element Shipwrecks
Form subdivision Fiction.
651 #1 - SUBJECT ADDED ENTRY--GEOGRAPHIC NAME
Geographic name Islands of the Pacific
Form subdivision Fiction.
700 1# - ADDED ENTRY--PERSONAL NAME
Personal name Tebbetts, Christopher.
Holdings
Withdrawn status Lost status Damaged status Not for loan Home library Current library Shelving location Date acquired Total checkouts Full call number Barcode Date last seen Price effective from Koha item type
        Fairfield Fairfield General stacks 22/03/2026   [Fic] 23 BC0010074 22/03/2026 22/03/2026 Books